Catálogo
 En Linea

Antonio Duvergé : (Registro nro. 46263)

Detalles MARC
000 -CABECERA
campo de control de longitud fija 01212nam a2200313 a 4500
001 - NÚMERO DE CONTROL
campo de control 000046774
003 - IDENTIFICADOR DEL NÚMERO DE CONTROL
campo de control DO-SdBNP
005 - FECHA Y HORA DE LA ÚLTIMA TRANSACCIÓN
campo de control 20240302073951.0
007 - CAMPO FIJO DE DESCRIPCIÓN FÍSICA--INFORMACIÓN GENERAL
campo de control de longitud fija ta
008 - DATOS DE LONGITUD FIJA--INFORMACIÓN GENERAL
campo de control de longitud fija 180323e2014 a gr 001 dspa d
020 ## - NÚMERO INTERNACIONAL ESTÁNDAR DEL LIBRO
Número Internacional Estándar del Libro 9789945468199
040 ## - FUENTE DE LA CATALOGACIÓN
Centro catalogador/agencia de origen DO-SdBNP
Lengua de catalogación spa
Centro/agencia transcriptor BNPHU
082 #4 - NÚMERO DE LA CLASIFICACIÓN DECIMAL DEWEY
Número de clasificación 923.57293
Número de documento/Ítem D985C, 2014
Número de edición 22
100 1# - ENTRADA PRINCIPAL--NOMBRE DE PERSONA
Nombre de persona Cassá, Roberto,
Fechas asociadas al nombre 1948-
9 (RLIN) 10888
245 #0 - MENCIÓN DE TÍTULO
Título Antonio Duvergé :
Resto del título primer guerrero de la Independencia /
Mención de responsabilidad, etc. Roberto Cassá; Ilustraciones de José Mercader
250 ## - MENCIÓN DE EDICIÓN
Mención de edición 2a. ed.
260 ## - PUBLICACIÓN, DISTRIBUCIÓN, ETC.
Lugar de publicación, distribución, etc. Santo Domingo :
Fecha de publicación, distribución, etc. Tobogán,
-- 2014
300 ## - DESCRIPCIÓN FÍSICA
Extensión 48 p. :
Otras características físicas il. ;
Dimensiones 24 cm.
490 1# - MENCIÓN DE SERIE
Mención de serie Biografias Dominicanas
500 ## - NOTA GENERAL
Nota general Incluye datos biograficos del autor e ilustrador.
504 ## - NOTA DE BIBLIOGRAFÍA, ETC.
Nota de bibliografía, etc. Bibliografía: p, 45
505 0# - NOTA DE CONTENIDO CON FORMATO
Título El jefe militar --
-- Orígenes y años formativos --
-- Ingreso a la tropa --
-- Hacia la frontera --
-- Derrotsa sucesivas y El Número --
-- Persecución y juicio --
-- Confinamiento y ejecución --
590 ## - NOTA LOCAL (RLIN)
Nota local Inventariado,2018 / DG
600 #4 - PUNTO DE ACCESO ADICIONAL DE MATERIA--NOMBRE DE PERSONA
9 (RLIN) 34515
Nombre de persona Duvergé, Antonio
Fechas asociadas al nombre 1807-1855
651 #4 - PUNTO DE ACCESO ADICIONAL DE MATERIA--NOMBRE GEOGRÁFICO
Nombre geográfico República Dominicana
Subdivisión de forma Biografías
9 (RLIN) 1083
700 ## - PUNTO DE ACCESO ADICIONAL--NOMBRE DE PERSONA
Nombre de persona Mercader, José,
Término indicativo de función/relación il.
9 (RLIN) 56560
830 ## - PUNTO DE ACCESO ADICIONAL DE SERIE-TÍTULO UNIFORME
Título uniforme Tobogán:
Nombre de parte o sección de la obra Biografías Dominicanas
9 (RLIN) 83053
942 ## - ELEMENTOS DE PUNTO DE ACCESO ADICIONAL (KOHA)
Fuente del sistema de clasificación o colocación Dewey Decimal Classification
Tipo de ítem Koha Folleto
Existencias
Estado de retiro Estado de pérdida Fuente del sistema de clasificación o colocación Restricciones de uso No para préstamo Código de colección Localización permanente Ubicación/localización actual Ubicación en estantería Fecha de adquisición Signatura topográfica completa Código de barras Fecha visto por última vez Número de copia Precio válido a partir de Tipo de ítem Koha Número de inventario Total de préstamos Fuente de adquisición
    Dewey Decimal Classification Excluido de préstamo   Dominicana de Servicio Biblioteca Nacional Pedro Henríquez Ureña Biblioteca Nacional Pedro Henríquez Ureña Depósito 23.03.2018 923.57293 D985C, 2014 46774-30 25.06.2020 e. 3 25.06.2020 Folleto      
    Dewey Decimal Classification Excluido de préstamo   Patrimonio Dominicano Biblioteca Nacional Pedro Henríquez Ureña Biblioteca Nacional Pedro Henríquez Ureña Depósito 23.03.2018 923.57293 D985C, 2014 46774-10 25.06.2020   25.06.2020 Folleto      
    Dewey Decimal Classification Préstamo en sala   Dominicana de Servicio Biblioteca Nacional Pedro Henríquez Ureña Biblioteca Nacional Pedro Henríquez Ureña Depósito 03.09.2021 923.57293 D985C, 2014 2023-0398 24.01.2023 e.4 24.01.2023 Folleto     Donado por ADP
    Dewey Decimal Classification Préstamo en sala   Dominicana de Servicio Biblioteca Nacional Pedro Henríquez Ureña Biblioteca Nacional Pedro Henríquez Ureña Depósito 03.09.2021 923.57293 D985C, 2014 2023-0399 24.01.2023 e.5 24.01.2023 Folleto     Donado por ADP
        Excluido de préstamo Monografías: Libros y Folletos Patrimonio Dominicano Patrimonio Dominicano Depósito 23.03.2018 923.57293 D985C, 2014 46774-20 25.06.2020 e. 2 25.06.2020 No se presta LF1    

Con tecnología Koha